000 00451nam a2200181 4500
999 _c189849
_d189849
005 20220713161258.0
010 _aENG-133537
020 _a9789390590087
_c399.00
035 _aEN-117069
037 _bDBAD/PUB
082 _aN
100 _aGratz,Alan
245 _aProjekt 1065/
_cby Alan Gratz
260 _aNew York
_bScholastic
_c2021
270 _a557,Broadway,
_bNew York
_e10012
300 _a309p.
_c20cm(pbk)
942 _2ddc
_cEN
_hN
_mGRA